000 00243nam a2200097Ia 4500
008 240625s9999 xx 000 0 und d
041 _aeng
082 _a650.01 BRA
100 _aBRAGG STEVEN M
245 _aBUSINESS RATIOS AND FORMULAS A COMPREHEN
999 _c32890
_d32890